02744nab a22005537a 4500003000900000022001300009040001800022041001300040044000700053110006800060245005900128260003000187300004400217505001900261505007400280505007800354505003100432505001800463505007900481505007000560505010600630505007300736505004400809505005300853505007300906505006500979505004301044505002301087505004801110505007801158505003901236505006601275505003801341505003801379505009001417505006201507505004801569505008501617505006701702505004901769505003701818505003801855505002201893505008601915650001702001650001202018773013402030856002602164AR-RoUNA a03282384 aAR-RoUNAbspa aspahspa aag aSecretaria de Ciencia y Técnica.bBoletín de la Secretaria  aCiencia y TecnicahNº 9bBoletín de la Secretaría aBuenos Aires :bUP,c1994 a52. p. :bplantasbfot. byn.c26x 20 cm tPANORAMA. p. 3 aXII Feria del Libro " El libro en la ciencia y en la técnica ".p. 5 aPremio " BEYOND WAR" a la iniciativa de paz de los cinco continentes .p.8 aEsperando al Halley. p. 10 tCONICET. p.15 aInstituto de Investigaciones en Tecnología Química de San Luis. p. 15  aPromoción de actividades de alto contenido tecnológico. p. 18 aII Taller Latinoamericano y del Caribe de investigación y desarrollo tecnológico en salud. p. 20 aSubcomisión de electrónica e informática en el CONICET. p. 22 tCOORDINACIÓN Y PLANIFICACIÓN. p.23 aReunión de delgados regionales en SECYT. p. 23 aDesertificación y manejo del ambiente en el chaco salteño. p. 25 aCiencia y Técnica en el Centro Cultural San Martin. p. 27  aConvenios de riesgo compartido. p. 29  tINFORMATICA. p. 30 aProtección jurídica del software. p. 30 aInicia su primer ciclo la Escuela Latinoamericana de informática. p. 32 aInformática y Educación. p. 34 aPrimera Escuela Argentino-Brasileña de Informática. p. 36 aNoticias de informática. p. 37 tCOOPERACION INTERNACIONAL. p. 39  aAcuerdo entre SECYT y el Centro Internacional de Física teórica de Trieste. p. 40 aEncuentro franco-argentino sobre biotecnología . p. 42 tBECAS, CURSOS, REUNIONES CIENTIFICAS. p. 44 aDr. J.J. Giambiangi, Profesor Honorario de la Universidad de Buenos Aires. p. 44 aEscuela Nacional de Matemáticas Aplicadas de San Luis. p. 45 tDIVULGACION CIENTIFICA Y TECNOLOGICA. p. 49  aPublicaciones recibidas. p. 49  aNuevas publicaciones SECYT. p. 50 tDOCUMENTOS. p. 52 aAntonio Paes de Carvallo:" Un futuro para la ciencia en América Latina ". p. 52 aArquitectura aCiencia0 aBoletín de la Secretaría: Ciencia y TécnicadBuenos Aires, Aller Atucha y Asociados. 1988gnro.9 (mar-1986), 52.px03265773 uwww.secyt.unlu.edu.ar